00226nam a2200097Ia 4500008004100000082001500041100001800056245002800074260001400102600001200116241002s9999 xx 000 0 und d a956.94 JAM aJames, Parker 2aA History of The Jewish aN/Ac1964 aHistory